| 000 | 00844nam a2200313Ia 4500 | ||
|---|---|---|---|
| 008 | 171120s9999 xx 000 0 und d | ||
| 020 | _a9.7897159059e+012 | ||
| 050 | _a261.57 | ||
| 050 | _bM257 1994 | ||
| 100 | _aMalone, Peter. | ||
| 245 | _aLights, camera… faith! : | ||
| 245 | _bthe ten commandments / | ||
| 245 | _cby Peter Malone and Rose Pacatte. | ||
| 260 | _aPhilippines : | ||
| 260 | _bPaulines, | ||
| 260 | _c1994 | ||
| 300 | _a324 pages : | ||
| 300 | _billustrations ; | ||
| 300 | _c23cm. | ||
| 500 | _aA movie lover's guide to scripture. | ||
| 650 | _aBible -- | ||
| 650 | _aBible -- | ||
| 650 | _aMotion pictures -- | ||
| 650 | _xGospel -- Criticism, interpretation, etc. | ||
| 650 | _xGospels. | ||
| 650 | _xReligious aspects -- Catholic church. | ||
| 700 | _aPacatte, Rose | ||
| 700 | _aTitle. | ||
| 999 |
_c345463 _d345463 |
||